000 00400nam a2200145Ia 4500
008 231129s2006||||xx |||||||||||||| ||spa||
020 _a84-348-9533-1
040 _bspa
082 _a(i) 808.068543 I35Li
100 _aInkiow Dimiter
245 0 _aLidia y yo ponemos la mesa
260 _c2006
264 _aMadrid EspaƱa : Ediciones SM
942 _2ddc
_cBKS
999 _c19288
_d19288